000 00479cam a2200205ua 4500
001 3955
008 111209n ii |||gr||||Z||||||asm
020 _a978-81-7206-404-2
040 _cMAIN
082 _a782.42
100 _aMonkar,
245 1 1 _aManasa kavya
_cby Monkar
250 _a1st.
260 _aGuwahati:
_bBani mandir,
_c2008.
300 _a95p:5cm.
653 _aAssamese song
653 _aManasa kavya
700 _aBora, jayanta Kr.,
_eEditor.,
942 _cBK
999 _c3777
_d3777